|
|
|
|
| LEADER |
01701nam a2200337 a 4500 |
| 001 |
9390490 |
| 008 |
090716s1964 enk b 001 0 eng d |
| 010 |
|
|
|a 64024310
|
| 020 |
|
|
|a 0521041562 (hbk)
|
| 020 |
|
|
|a 0521092388 (pbk)
|
| 040 |
|
|
|a DLC
|c CarP
|d DLC
|
| 082 |
0 |
0 |
|a 821/.4/09
|2 16
|
| 100 |
1 |
|
|a Bennett, Joan.
|
| 240 |
1 |
0 |
|a Four metaphysical poets.
|l English [from old catalog]
|
| 245 |
1 |
0 |
|a Five metaphysical poets :
|b Donne, Herbert, Vaughan, Crashaw, Marvell,
|c by Joan Bennett.
|
| 260 |
|
|
|a Cambridge, [Eng.]
|b University Press,
|c 1964.
|
| 300 |
|
|
|a xi, 150 p.
|c 21 cm.
|
| 504 |
|
|
|a Includes bibliographical references (p. 146). and index
|
| 541 |
1 |
|
|e 00013543
|
| 650 |
|
0 |
|a English poetry
|y Early modern, 1500-1700
|x History and criticism.
|
| 650 |
|
0 |
|a Metaphysics in literature.
|
| 600 |
1 |
0 |
|a Donne, John,
|d 1572-1631
|x Criticism and interpretation.
|
| 600 |
1 |
0 |
|a Herbert, George,
|d 1593-1633.
|
| 600 |
1 |
0 |
|a Vaughan, Henry,
|d 1621-1695
|x Criticism and interpretation.
|
| 600 |
1 |
0 |
|a Crashaw, Richard,
|d 1613?-1649.
|
| 600 |
1 |
0 |
|a Marvell, Andrew,
|d 1621-1678
|x Criticism and interpretation.
|
| 852 |
4 |
|
|a Ayesha Abed Library
|j General shelf.
|
| 999 |
|
|
|c 2489
|d 2489
|
| 952 |
|
|
|0 0
|1 0
|2 ddc
|4 0
|6 821_409000000000000_BEN
|7 0
|9 2304
|a BRACUL
|b BRACUL
|c GEN
|d 2009-07-16
|g 75.00
|l 8
|m 38
|o 821.409 BEN
|p 3010013543
|r 2025-10-07
|s 2025-08-13
|t 1
|w 2009-07-16
|y BK
|
| 952 |
|
|
|0 0
|1 0
|2 ddc
|4 0
|6 821_409000000000000_BEN
|7 0
|9 14075
|a BRACUL
|b BRACUL
|c GEN
|d 2011-01-22
|g 75.00
|l 9
|m 46
|o 821.409 BEN
|p 3010013541
|r 2024-10-20
|s 2024-07-07
|t 2
|w 2011-01-22
|y BK
|
| 952 |
|
|
|0 0
|1 0
|2 ddc
|4 0
|6 821_409000000000000_BEN
|7 0
|9 17652
|a BRACUL
|b BRACUL
|c GEN
|d 2011-07-28
|g 75.00
|l 8
|m 23
|o 821.409 BEN
|p 3010013542
|r 2026-05-20
|s 2026-05-14
|t 3
|w 2011-07-28
|y BK
|